000 01264nam a2200361 i 4500
001 bg
003 BPK
005 20200722112150.0
008 980713s1997 pl f |001 0 pol d
015 _aPB 1997/17681
020 _a8320810949
040 _aWA N
_cBPK
041 1 _apol
_heng
080 _a005.2
080 _a002.513.5:004
080 _a(075.8)
100 1 _aStoner, James Arthur Finch
_d(1935- )
_eAutor
245 1 0 _aKierowanie /
_cJames A. F. Stoner, R. Edward Freeman, Daniel R. Gilbert jr ; przekł. [z ang.] Andrzej Ehrlich.
246 1 _iTyt. oryg.:
_aManagement,
_f1986.
250 _aWyd. 2 zm.
260 _aWarszawa :
_bPańst. Wydaw. Ekonomiczne,
_c1997.
300 _a656 s. ;
_c26 cm.
500 _aWyd. 1 pod hasłem : Stoner James Arthur Finch, Wankel Charles.
504 _aIndeks.
655 4 _aPodręczniki akademickie
650 4 _aZarządzanie
700 1 _aFreeman, R. Edward
_d(1951- )
700 1 _aGilbert, Daniel R.
_d(1952- )
710 2 _aPaństwowe Wydawnictwo Ekonomiczne
_4pbl.
700 1 _aEhrlich, Andrzej
_eTłumaczenie
942 _2UKD
_cKS
856 _uhttp://koha.tu.koszalin.pl/cgi-bin/koha/opac-detail.pl?biblionumber=32691
_yKatalog online BPK
999 _c32691
_d32691